Reading Saussure : a critical commentary on the Cours de linguistique générale /

Bibliographic Details
Main Author: Harris, Roy, 1931-
Format: Book
Language:English
Published: La Salle, Ill. : Open Court, [1987]
Subjects:

MARC

Tag First Indicator Second Indicator Subfields
LEADER 00000cam a2200000 a 4500
001 in00000013800
005 20151007052431.0
008 870407s1987 ilua b 00110 eng
010 |a  87011101  
020 |a 0812690508 (pbk.) :  |c $12.95 
020 |a 0812690494 (hard) :  |c $28.95 
035 |a (OCoLC)15589930 
035 |9 AAA7770AM 
040 |a DLC  |c DLC  |d UtOrBLW 
049 |a TXAM  |c [A11463501] 
050 0 0 |a P121.S369  |b H37 1987 
082 0 |a 410  |2 19 
100 1 |a Harris, Roy,  |d 1931- 
245 1 0 |a Reading Saussure :  |b a critical commentary on the Cours de linguistique générale /  |c Roy Harris. 
264 1 |a La Salle, Ill. :  |b Open Court,  |c [1987] 
264 4 |c ©1987 
300 |a xvii, 248 pages :  |b illustrations ;  |c 24 cm. 
336 |a text  |b txt  |2 rdacontent 
337 |a unmediated  |b n  |2 rdamedia 
338 |a volume  |b nc  |2 rdacarrier 
504 |a Bibliography: pages [238]-242. 
500 |a Includes index. 
600 1 0 |a Saussure, Ferdinand de,  |d 1857-1913.  |t Cours de linguistique générale. 
650 0 |a Linguistics. 
999 |a MARS 
999 f f |s 900263a5-ed43-3863-8ad8-ca67c94ec0fa  |i 2be0dc0f-f488-3659-9d94-ea1420d858ca  |t 0 
952 f f |p normal  |a Texas A&M University  |b College Station  |c Sterling C. Evans Library  |d Evans: Library Stacks  |t 0  |e P121.S369 H37 1987  |h Library of Congress classification  |i unmediated -- volume  |m A14811463501 
998 f f |a P121.S369 H37 1987  |t 0  |l Evans: Library Stacks